| 000 | 01145cam a2200433 4500 | ||
|---|---|---|---|
| 008 | 090401t1994 xxu||||| |||| 00| 0 eng d | ||
| 020 | _a0117529826 | ||
| 035 | _a(Sirsi) u75301 | ||
| 041 | _aeng | ||
| 050 | _a711.52 | ||
| 100 | _aRobinson, Fred | ||
| 245 | _aAssessing the impact of urban policy. | ||
| 260 |
_aLondon _bHMSO _c1994 |
||
| 300 | _axv,446p. ; 30cm. | ||
| 350 | _a40 | ||
| 490 |
_aInner Cities Research Programme _vSeries |
||
| 650 | _aACTION FOR CITIES | ||
| 650 | _aGREATER MANCHESTER | ||
| 650 | _aINNER CITIES REDEVELOPMENT | ||
| 650 | _aMANCHESTER | ||
| 650 | _aMERSEYSIDE | ||
| 650 | _aPARTNERSHIPS | ||
| 650 | _aTYNE AND WEAR | ||
| 650 | _aURBAN PRIORITY AREAS | ||
| 650 | _aURBAN RENEWAL | ||
| 690 | _aURBAN RENEWAL | ||
| 700 | _aRobson, Brian | ||
| 700 | _aBradford, Michael | ||
| 700 | _aDeas, Iain | ||
| 700 | _aHall, Ed | ||
| 700 | _aHarrison, Eric | ||
| 700 | _aParkinson, Michael | ||
| 700 | _aEvans, Richard | ||
| 700 | _aGarside, Peter | ||
| 700 | _aHarding, Alan | ||
| 710 |
_aUnited Kingdom _bDepartment of the Environment _9982 |
||
| 942 | _n0 | ||
| 948 | _c04/03/1997 | ||
| 999 |
_c95985 _d95985 |
||